| 000 | 00841cab a2200253 4500 | ||
|---|---|---|---|
| 001 | ABS47718 | ||
| 008 | 090401t1992 xxu||||| |||| 00| 0 eng d | ||
| 035 | _a(Sirsi) u63224 | ||
| 041 | _aeng | ||
| 245 | _aVOB Part A - DIN 1960 | ||
| 260 | _c1992 | ||
| 350 | _a0 | ||
| 490 |
_aKonstrukt Germany _v1(5) October 1992, 7-9(3) |
||
| 520 | _aA translation of the general provisions relating to the award of contracts for construction works, detailing tender documents, terms set for execution of work and penalties and early completion bonuses. (ABS46866) | ||
| 650 | _aBUILT ENVIRONMENT-BUILDING CONTRACT FORMS | ||
| 650 | _aDIN STANDARDS | ||
| 650 | _aGERMANY | ||
| 650 | _aTENDERING | ||
| 650 | _aVOB | ||
| 690 | _aBUILT ENVIRONMENT-BUILDING CONTRACT FORMS | ||
| 690 | _aOVERSEAS-EUROPE | ||
| 942 | _n0 | ||
| 948 | _c04/03/1997 | ||
| 999 |
_c39313 _d39313 |
||